000 00478nam a2200181Ia 4500
001 11523
005 20260306162834.0
008 260306t2015||||xx |||||||||||||| ||spa||
041 _aESP
082 _a70.44932
_bL91
100 _aLossio, Jorge
_eAUT
245 0 _aPrensa, conspiraciones y elecciones:
_bel Perú en el ocaso del régimen oligárquico
260 _c2015
300 _a155 páginas :
_c21 cm.
650 _aGEN
654 _aCHU
942 _cLIB
_dJUS
_fJUS
_2ddc
_n
999 _c11523
_d11523